000 00449ntaaa2200181 4500
003 01
005 20251027201824.0
008 0714s1973 ag 01
040 _aAR-BaBN
_bspa
_cAR-BaBN
_eaacr
_dRIC
082 _a244.0000 Ek7
100 _aEkstedt, Lilian
_916664
245 _aEl camino del rosario
250 _a1 ed.
260 _aGrand Rapids :
_bTell,
_cs.f.
300 _a47 p
650 _anovela histórica evangélica
_916665
942 _cBK
999 _c12871
_d12871